000
00332nam a2200145Ia 4500
008
230718s9999 xx 000 0 und d
041
_a
Eng.
082
_a
342.5
_b
M. -P
100
_a
M. Cocres, Ross
245
0
_a
Phodical amuying
260
_a
Pakistan
_b
Sweetand. Maxwell
_c
1999
300
_a
293
650
_a
Law
999
_c
26223
_d
26223